00901cam a22002411 4500001001300000003000400013005001700017008004100034010001700075035001900092040002500111042001200136050002200148110007200170245014200242260002400384300003000408490003600438650002300474650003700497740002300534810010200557e 53000059 DLC20260227111235.0800902s1953 dcu 000 0 eng  ae 53000059  a(OCoLC)6672115 aDLCcPPDdOCoLCdDLC apremarc00aLB2305b.U5 no. 11 aUnited States.bOffice of Education.bDivision of Higher Education.10aInformation about publications and leaders in general educationc[by] General and Liberal Education Branch, Division of Higher Education. a[Washington,c1953- a1 v. (loose-leaf)c27 cm.1 aIts Loose leaf circular,vno. 1 0aEducation, Higher. 0aEducation, HighervBibliography.0 aGeneral education.1 aUnited States.bOffice of Education.bDivision of Higher Education.tLoose leaf circular,vno. 1.